=LDR 00000nam 2200000 4500 =001 000875 =005 20250712112326 =035 ##$$a 0010-0725000753 =007 ta =008 250712################a##########0#ind## =020 ##$$a 978-623-472-296-3 =082 ##$$a 398.209 598 =084 ##$$a 398.209 598 LAL s =100 #$$a Lal, Anupa =245 1#$$a Suraj dan Sher Singh /$c Anupa Lal =250 ##$$a Cetakan pertama =260 ##$$a Jakarta :$b Badan pengembangan dan pembinaan bahasa,$c 2022 =300 ##$$a 16 hlm. : $b Ilus. ; $c 22,9 cm =650 #4$$a Cerita anak indonesia-terjemahan =650 #4$$a Literasi bahan bacaan